Managing human resources : (Record no. 202591)
[ view plain ]
| 000 -LEADER | |
|---|---|
| fixed length control field | 00644nam a2200205Ia 4500 |
| 005 - DATE AND TIME OF LATEST TRANSACTION | |
| control field | 20220216123227.0 |
| 008 - FIXED-LENGTH DATA ELEMENTS--GENERAL INFORMATION | |
| fixed length control field | 210716s2005 xx 000 0 und d |
| 020 ## - INTERNATIONAL STANDARD BOOK NUMBER | |
| International Standard Book Number | 8177589385 |
| 040 ## - CATALOGING SOURCE | |
| Transcribing agency | AIMIT LIBRARY |
| 041 ## - LANGUAGE CODE | |
| Language code of text/sound track or separate title | eng |
| 082 ## - DEWEY DECIMAL CLASSIFICATION NUMBER | |
| Classification number | 658.3 |
| Edition number | 4 |
| Item number | GOML |
| 100 ## - MAIN ENTRY--PERSONAL NAME | |
| Personal name | Gomez- Mejia, Luis R. |
| 9 (RLIN) | 20230 |
| 245 ## - TITLE STATEMENT | |
| Title | Managing human resources : |
| Statement of responsibility, etc. | By Luis R Gomez- Mejia, David B Balkin and Robert L Cardy. |
| 250 ## - EDITION STATEMENT | |
| Edition statement | 4th ed |
| Remainder of edition statement | Low Price Edition |
| 260 ## - PUBLICATION, DISTRIBUTION, ETC. | |
| Place of publication, distribution, etc. | New Delhi : |
| Name of publisher, distributor, etc. | Pearson Education ; |
| Date of publication, distribution, etc. | 2008 |
| 300 ## - PHYSICAL DESCRIPTION | |
| Extent | 717p ; |
| Dimensions | 27.5 cm. |
| 650 ## - SUBJECT ADDED ENTRY--TOPICAL TERM | |
| Topical term or geographic name entry element | Introduction |
| 9 (RLIN) | 20231 |
| 700 ## - ADDED ENTRY--PERSONAL NAME | |
| Personal name | Balkin, David B. |
| 9 (RLIN) | 20232 |
| 942 ## - ADDED ENTRY ELEMENTS (KOHA) | |
| Source of classification or shelving scheme | Dewey Decimal Classification |
| Koha item type | Book |
| Edition | 4th |
| Call number prefix | 658.3 GOML |
| Withdrawn status | Lost status | Source of classification or shelving scheme | Damaged status | Not for loan | Collection code | Home library | Current library | Date acquired | Cost, normal purchase price | Inventory number | Total Checkouts | Full call number | Barcode | Date last seen | Cost, replacement price | Price effective from | Koha item type |
|---|---|---|---|---|---|---|---|---|---|---|---|---|---|---|---|---|---|
| Dewey Decimal Classification | MBA | St Aloysius Institute of Management & Information Technology | St Aloysius Institute of Management & Information Technology | 08/21/2007 | 410.00 | Bill no:394; Bill dt:2007-08-12 | 658.3 GOML | MBA04451 | 05/23/2026 | 328.00 | 07/16/2021 | Book | |||||
| Dewey Decimal Classification | MBA | St Aloysius Institute of Management & Information Technology | St Aloysius Institute of Management & Information Technology | 09/25/2008 | 410.00 | Bill no:8812; Bill dt:2008-09-09 | 658.3 GOML | MBA05157 | 05/23/2026 | 307.50 | 07/16/2021 | Book |